Music Quiz

Random Music or Lyrics Quiz

Eminem song by opening lyrics Quiz Stats

 Plays Quiz not verified by Sporcle

Challenge
Share
Tweet
Embed
Score 0/26 Timer 10:00
0 Plays Today
% Correct
Stan
93.9%
Lose Yourself
91.6%
Like Toy Soldiers
87.8%
My Name Is
86.3%
Without Me
84%
Mockingbird
84%
The Real Slim Shady
80.9%
Cleanin' Out My Closet
77.1%
Just Lose It
77.1%
My Mom
72.5%
'Till I Collapse (Featuring Nate Dogg)
71%
Crack A Bottle (Featuring Dr. Dre & 50 Cent)
69.5%
Kim
67.2%
% Correct
Kill You
65.6%
The Way I am
65.6%
Space Bound
64.9%
Guilty Conscience (Featuring Dr. Dre)
59.5%
Forgot About Dre (Featuring Eminem)
59.5%
White America
57.3%
3 A.M.
57.3%
Business
51.1%
Cinderella
50.4%
Old Time's Sake (Featuring Dr. Dre)
44.3%
Talkin' 2 Myself (Featuring Kobe)
44.3%
Mosh
41.2%
Despicable
35.1%

You're not logged in!

Compare scores with friends on all Sporcle quizzes.
Join for Free
OR
Log In

You Might Also Like...

Show Comments

Extras

Top Quizzes Today


Score Distribution

Your Account Isn't Verified!

In order to create a playlist on Sporcle, you need to verify the email address you used during registration. Go to your Sporcle Settings to finish the process.

Report this User

Report this user for behavior that violates our Community Guidelines.

Details: